000 07441nam a22006857a 4500
005 20120229103230.0
010 _aB-446647-687
020 _a9788123750842
_c45.00
035 _aB-446647-687
037 _bBlue Berry/Ven
082 _a921
100 _aYadav,K.C.
_943417
245 _aRao Tula Ram :
_cby K.C.Yadav
_bA Biography /
260 _aNew Delhi
_bNational Book Trust
_c2008(Rept).
270 _aNehru Bhawan,5,Institutional Area,Phase -II,
_bNewDelhi
_e110070
300 _a86p.
_cIncludes bibliographical refrences index
_b22cm(pbk)
942 _2ddc
_cEN
_mRAO
_h921
999 _c63600
_d63600